Estudios de historia de las ideas

Uloženo v:
Podrobná bibliografie
Hlavní autor: Romero, Francisco (Autor)
Médium: Kniha
Jazyk:španělština
Vydáno: Buenos Aires Losada 1953
Témata:
Tagy: Přidat tag
Žádné tagy, Buďte první, kdo vytvoří štítek k tomuto záznamu!

MARC

LEADER 00000nam a2200000 a 4500
001 UCY9282
003 CL-VaPUC
008 950713e19530000AG |||||||||||||||||spa|d
082 0 4 |a 100  |b ROM  |2 21 
100 0 |a Romero, Francisco  |e author  |9 341358 
245 1 0 |a Estudios de historia de las ideas 
300 |a 209 p 
942 |c BK 
945 |d 19950713 00:00:00  |a aalvarez 
260 |a Buenos Aires  |b Losada  |c 1953 
650 0 |a Filosofía   |9 223554 
650 0 |a Filósofos   |9 269126 
650 7 |a IDEAS  |2 CL-VaPUC  |9 341359 
650 0 |a Renacimiento  |9 255107 
583 |a last modification  |c 19950713 00:00:00  |k Rodrigo Vera 
999 |c 236406  |d 236404 
952 |0 0  |1 0  |4 0  |6 100_000000000000000_ROM_1953  |7 0  |8 A  |9 244474  |a BIBEDU  |b BIBEDU  |d 2019-11-18  |i 3104435  |o 100 ROM 1953  |p 3104435  |r 2019-11-18  |w 2019-11-18  |y BK  |k FIL 
952 |0 0  |1 0  |4 0  |6 100_000000000000000_ROM_1953  |7 0  |8 A  |9 244475  |a BIBEDU  |b BIBEDU  |d 2019-11-18  |i 1567950  |o 100 ROM 1953  |p 1567950  |r 2019-11-18  |w 2019-11-18  |y BK  |k FIL